Biggest cities in Svalbard and Jan Mayen - Statistics

General Stats
  • This quiz has been taken 25 times
  • The average score is 4 of 6
Answer Stats
Population City % Correct
2897 Longyearbyen
100%
455 Barentsburg
79%
5 Pyramiden
63%
35 Ny-Ålesund
58%
14 Olonkinbyen
26%
300 Sveagruva
26%
No matching quizzes found
Score Distribution
Percent of People with Each Score
Percentile by Number Answered
Your Score History
You have not taken this quiz